Top 100 most Popular North American Sports Teams - Statistics

General Stats
  • This quiz has been taken 152 times
  • The average score is 66 of 100
Answer Stats
Hint Answer % Correct
NBA 21 lakers
97%
NBA 16 bulls
90%
NFL 5.1 packers
88%
MLB 8.5 yankees
88%
NBA 8.6 celtics
86%
NFL 6.7 patriots
86%
NBA 14 heat
85%
MLB 1.2 reds
85%
NBA 11 warriors
84%
NFL 8.3 cowboys
82%
NFL 1.7 jets
82%
NBA 7.4 kings
82%
NHL 0.9 kings
82%
NBA 5.5 knicks
82%
NBA 15 rockets
81%
NBA 3.7 clippers
80%
NFL 2.1 dolphins
80%
NFL 1.8 lions
80%
NBA 2.8 nets
80%
NFL 3.1 eagles
79%
NFL 3.6 giants
79%
MLB 2.9 giants
79%
NBA 6.7 spurs
78%
NBA 2.1 bucks
77%
NFL 3.9 49ers
76%
MLB 2.4 cardinals
76%
NFL 1.4 cardinals
76%
MLB 5.2 red sox
76%
NFL 3.7 seahawks
76%
NFL 5.9 steelers
76%
NFL 3.8 bears
75%
NFL 0.9 rams
75%
MLB 1.5 mets
73%
NBA 1.9 suns
73%
NFL 2.0 texans
73%
NFL 0.9 bills
72%
NFL 1.3 browns
72%
NBA 1.5 hawks
72%
NBA 2.6 magic
72%
NBA 4.2 mavericks
72%
NFL 3.2 raiders
72%
MLB 2.3 rangers
72%
NHL 1.4 rangers
72%
NBA 1.7 76ers
71%
MLB 3.4 cubs
71%
MLB 3.4 dodgers
71%
NFL 4.0 broncos
70%
NBA 2.6 jazz
70%
NBA 2.0 nuggets
70%
NBA 6.5 thunder
70%
MLB 1.6 white sox
70%
NBA 8.0 cavaliers
68%
NBA 1.7 hornets
68%
NBA 1.7 pelicans
68%
NBA 1.9 pistons
68%
NFL 1.2 bengals
67%
NBA 1.8 grizzlies
67%
NBA 3.1 pacers
67%
NFL 2.0 vikings
67%
NFL 2.1 colts
66%
NFL 2.2 ravens
66%
NFL 3.9 saints
66%
NFL 0.9 titans
66%
NBA 2.4 trailblazers
66%
NBA 5.1 wizards
66%
NBA 1.8 timberwolves
64%
MLB 1.4 astros
63%
NBA 2.6 raptors
63%
NFL 1.1 buccaneers
62%
MLB 2.3 tigers
61%
NFL 1.8 commanders
60%
NHL 2.1 bruins
59%
MLB 1.3 angels
58%
MLB 1.7 blue jays
58%
MLB 1.2 mariners
58%
NHL 2.0 penguins
58%
NHL 2.7 black hawks
56%
NHL 1.6 canadiens
55%
MLB 2.2 braves
54%
NHL 0.9 sharks
54%
MLB 1.1 brewers
52%
MLB 0.7 diamondbacks
51%
MLB 0.7 padres
51%
MLB 1.6 phillies
51%
MLB 1.2 twins
51%
NHL 0.7 blues
50%
NHL 1.0 canucks
50%
MLB 1.2 orioles
50%
MLB 0.9 rockies
48%
MLB 1.1 pirates
46%
NHL 1.1 flyers
45%
MLB 1.3 guardians
45%
MLB 1.2 royals
45%
MLB 0.8 athletics
43%
NHL 0.7 capitals
39%
MLS 2.2 galaxy
30%
NHL 1.3 leafs
16%
MLS 0.9 red bulls
16%
MLS 2.1 FC
11%
NHL 1.9 wings
3%
No matching quizzes found
Score Distribution
Percent of People with Each Score
Percentile by Number Answered
Your Score History
You have not taken this quiz